00327 2200145 4500245004500000250001100045100002100056650001600077650001400093005001900107260001800126041001400144084001400158336000900172 aPotongan SayurancGabriela TabithahText aCet. 1 aGabriela Tabitha aKarya Siswa aScrapbook a20250526093256 aJakartac2025 aIndonesia a081 GAB p atext